| 000 | 01102nam a2200241Ia 4500 | ||
|---|---|---|---|
| 003 | Ost | ||
| 005 | 20260507075201.0 | ||
| 008 | 260507s9999||||xx |||||||||||||| ||und|| | ||
| 020 | _a6368169957 | ||
| 040 | _cfsecg | ||
| 041 | _aara | ||
| 082 | _a330 | ||
| 100 |
_aاللوزي، احمد محمد _eمؤلف |
||
| 245 | 0 |
_aالحماية الجزائية لتداول الأوراق المالية : _bدراسة مقارنة / _c احمد محمد اللوزي |
|
| 260 |
_aعمان: _b, _c2010 |
||
| 300 |
_a208 صفحة؛ _c24 سم |
||
| 504 | _aمراجع ص.203 | ||
| 520 | _aماهية تداول الأوراق المالية و أهميتها ، النموذج القانوني للحماية الجزائية لتداول الأوراق المالية ، صور التجريم في تداول الأوراق المالية ، مؤيدات السياسة العقارية في جرائم تداول الاوراق المالية . | ||
| 653 | _aالأوراق المالية | ||
| 653 | _aالأوراق النقدية | ||
| 653 | _aالقانون المالي | ||
| 942 | _cكتاب | ||
| 999 |
_c43403 _d43403 |
||